| 000 | 00836nam a2200229Ia 4500 | ||
|---|---|---|---|
| 003 | GCL | ||
| 008 | 140319s9999 xx 000 0 ara d | ||
| 020 | _a7028099906 | ||
| 040 |
_aGCL / _cGCL |
||
| 082 | 0 | 4 |
_aد _b050 _bم ع |
| 100 | 1 | _aعطية عاشور (مراجع) | |
| 245 | 1 | 0 |
_aالعدد ( عالم المعرفة 251 ) : _bمن الحضارات القديمة حتى عصر الكمبيوتر / _cعطية عاشور (مراجع) |
| 700 | 1 | _aخضر الاحمد | |
| 700 | 1 | _aماكليش ، جون | |
| 260 |
_aالكويت : _bالمجلس الوطنى للثقافة والفنون والاداب ، _c1999 |
||
| 300 |
_a319 ؛ _c20 سم |
||
| 490 |
_aعالم المعرفة _v251 |
||
| 650 | 0 | 4 | _aالحاسبات الالكترونية |
| 650 | 0 | 4 | _aالحساب |
| 650 | 0 | 4 | _aالاعداد |
| 942 |
_2ddc _cBK |
||
| 999 |
_c43390 _d43390 |
||